The infinite search / (Record no. 136203)

MARC details
000 -LEADER
fixed length control field 00536nam a22002057a 4500
010 ## - LIBRARY OF CONGRESS CONTROL NUMBER
LC control number A-709090
020 ## - INTERNATIONAL STANDARD BOOK NUMBER
International Standard Book Number 8120716582
035 ## - SYSTEM CONTROL NUMBER
System control number A-709090
037 ## - SOURCE OF ACQUISITION
Stock number Cen Lib/Ret
040 ## - CATALOGING SOURCE
Original cataloging agency DPL
Language of cataloging En
082 ## - DEWEY DECIMAL CLASSIFICATION NUMBER
Classification number S
Item number DAS
100 ## - MAIN ENTRY--PERSONAL NAME
Personal name Wishan Dass
9 (RLIN) 114197
245 ## - TITLE STATEMENT
Title The infinite search /
Statement of responsibility, etc by Wishan Dass
260 ## - PUBLICATION, DISTRIBUTION, ETC. (IMPRINT)
Place of publication, distribution, etc Delhi ;
Name of publisher, distributor, etc Sterling Paperbacks
Date of publication, distribution, etc 1994
270 ## - ADDRESS
Address Laser Print Craft,
City Delhi
Postal code 110016
300 ## - PHYSICAL DESCRIPTION
Extent 88p ;
Other physical details 24cm(Hb)
650 ## - SUBJECT ADDED ENTRY--TOPICAL TERM
Topical term or geographic name as entry element English story
9 (RLIN) 114198
650 ## - SUBJECT ADDED ENTRY--TOPICAL TERM
Topical term or geographic name as entry element story
9 (RLIN) 12604
942 ## - ADDED ENTRY ELEMENTS (KOHA)
Source of classification or shelving scheme Dewey Decimal Classification
Koha item type English Books
Classification part S
Call number suffix DAS
Holdings
Withdrawn status Lost status Damaged status Not for loan Home library Current library Date acquired Source of acquisition Total Checkouts Full call number Barcode Date last seen Copy number Price effective from Koha item type
        Central Library Central Library 28/12/2015 Cen Lib/Ret   S DAS A-709090 28/12/2015 1 28/12/2015 English Books

© Delhi Public Library
Hit Counter
free hit counter